000 00570nam a22001817a 4500
005 20230912144611.0
010 _aENG-137929
020 _a9789385212222
_c550.00
035 _aEN-121461
037 _bDBAD/PUB
082 _a352.88095492
100 _aSingh, Rajeev Kumar
_956434
245 _aRight to Information:
_cBy Rajeev Kumar Singh
_bEmpowerment and Good Governance/
260 _a Delhi
_bMewar University Press
_c2016
270 _a4117, Naya Bazar
_b Delhi
_e110006
300 _a284p.
_c24cm(pbk)
942 _2ddc
_cEN
_h352.88095492
_mSIN
999 _c197752
_d197752